Risk Management in Port Operations, Logistics and Supply Chain Security / (Record no. 288)

000 -LEADER
fixed length control field 00658nam a2200193Ia 4500
008 - FIXED-LENGTH DATA ELEMENTS--GENERAL INFORMATION
fixed length control field 190805s9999||||xx |||||||||||||| ||und||
020 ## - INTERNATIONAL STANDARD BOOK NUMBER
International Standard Book Number 9781843116554
Terms of availability £ 135.00
082 04 - DEWEY DECIMAL CLASSIFICATION NUMBER
Classification number 387.16
Item number B47199
100 1# - MAIN ENTRY--PERSONAL NAME
Personal name Bichou, Khalid
245 10 - TITLE STATEMENT
Title Risk Management in Port Operations, Logistics and Supply Chain Security /
260 ## - PUBLICATION, DISTRIBUTION, ETC. (IMPRINT)
Place of publication, distribution, etc Oxon :
Name of publisher, distributor, etc Informa Law,
Date of publication, distribution, etc 2007
300 ## - PHYSICAL DESCRIPTION
Extent xxxiii, 377 p.
Other physical details : ill.
Dimensions ; 24 cm.
490 00 - SERIES STATEMENT
Series statement Llyoyd's Practical Shipping Guides
650 #0 - SUBJECT ADDED ENTRY--TOPICAL TERM
Topical term or geographic name as entry element Shipping
General subdivision Risk management
700 1# - ADDED ENTRY--PERSONAL NAME
Personal name Bell, Michael G. H.
700 1# - ADDED ENTRY--PERSONAL NAME
Personal name Evans, Andrew
852 ## - LOCATION/CALL NUMBER
Location
942 ## - ADDED ENTRY ELEMENTS (KOHA)
Item type Reference book
Holdings
Withdrawn status Lost status Damaged status Not for loan Collection code Permanent location Current location Shelving location Date acquired Source of acquisition Cost, normal purchase price Full call number Barcode Date last seen Koha item type Public note Total Checkouts Date last borrowed
        Management Studies IMU Kochi Library IMU Kochi Library Reference 2017-08-05 Educational Supplies 11569.50 387.16 B47199 BK004618 2019-08-05 Reference book Shelf-20, Row-1    
        Management Studies IMU Kochi Library IMU Kochi Library Reference 2017-08-05 Educational Supplies 11569.50 387.16 B47199 BK004619 2023-09-08 Reference book Shelf-20, Row-1 1 2023-09-08
        Management Studies IMU Kochi Library IMU Kochi Library Reference 2017-08-05 Educational Supplies 11569.50 387.16 B47199 BK004617 2019-08-05 Reference book Shelf-20, Row-1    


Copyright © All Rights Reserved by Indian Maritime University, Kochi Campus.
For any Suggestions/Query Contact to library or Email: library.kochi@imu.ac.in Ph:(0484)-2989402
(Web OPAC Designed by Rudra Ranjan. Maintained by IMU Kochi Library)

Powered by Koha